| 000 | 00712nam a22002411 4500 | ||
|---|---|---|---|
| 001 | 134216 | ||
| 003 | ES-MaACL | ||
| 005 | 20230906194627.0 | ||
| 007 | t| | ||
| 008 | 070906s1957 sp ||||0| spa d | ||
| 016 | 7 | _zIND2000943862 | |
| 040 |
_aM-BN _bspa _cCDM |
||
| 100 | 1 |
_aWheatley, Dennis. _9116613 |
|
| 245 | 1 | 3 |
_aLa sombra del patíbulo / _cDennis Wheatley ; [versión española de F. Vidal-Quadras]. |
| 250 | _a1ª ed. | ||
| 260 |
_aBarcelona : _bLuis de Caralt, _c1957. |
||
| 300 |
_a376 p. ; _c20 cm. |
||
| 490 | 1 | _aColección gigante | |
| 700 | 0 |
_aVidal-Quadras, Fernando. _9114509 |
|
| 830 | 0 |
_aColección gigante _9181935 |
|
| 852 |
_aES-MaACL _jC-13835 _bR.41452 |
||
| 999 |
_c134216 _d134216 |
||